000 00803nam a2200157 a 4500
008 120416s1982 ||||||||||||||||| || u
050 _aQA 76.73.B3 Smi
100 _aSmith, P.D
245 1 0 _aBASIC hydraulics.
260 _aLondon
_bButterworth Scientific
_c1982
300 _a[6] 156p. : ill.
350 _a0.00
995 _aANNEX COLLECTION (Main Library)
_D0.00
_e713180
_FCBU-MAIN LIBRARY (Kitwe)
_H2
_I7.50
_jQA 76.73.B3 Smi
_M3
_UAVAILABLE
_y013468
_ZAnnex Low-Usage Collection
995 _aANNEX COLLECTION (Main Library)
_D0.00
_e713183
_FCBU-MAIN LIBRARY (Kitwe)
_H3
_I7.50
_jQA 76.73.B3 Smi
_M1
_UAVAILABLE
_y012958
_ZAnnex Low-Usage Collection
995 _aANNEX COLLECTION (Main Library)
_D0.00
_e713182
_FCBU-MAIN LIBRARY (Kitwe)
_H1
_I7.50
_jQA 76.73.B3 Smi
_M2
_UAVAILABLE
_y013467
_ZAnnex Low-Usage Collection
999 _c84558
_d84558